| 000 | 00458cam a2200193 4500 | ||
|---|---|---|---|
| 008 | 090401t1996 xxu||||| |||| 00| 0 eng d | ||
| 020 | _a0304346128 | ||
| 035 | _a(Sirsi) u80177 | ||
| 041 | _aeng | ||
| 050 | _a060.0148 | ||
| 100 | _aPickering, David | ||
| 245 | _aDictionary of abbreviations. | ||
| 260 |
_aLondon _bCassell _c1996 |
||
| 300 | _aviii,340p. ; 24cm. | ||
| 350 | _a18.99 | ||
| 650 | _aDICTIONARIES | ||
| 942 | _n0 | ||
| 948 | _c08/08/1997 | ||
| 999 |
_c96605 _d96605 |
||